Imagine there’s no heaven: Imaginaries of local government austerity (Record no. 524210)

000 -LEADER
fixed length control field 01512nam a22001457a 4500
008 - FIXED-LENGTH DATA ELEMENTS--GENERAL INFORMATION
fixed length control field 231106b ||||| |||| 00| 0 eng d
100 ## - MAIN ENTRY--PERSONAL NAME
Personal name Orr, Kevin and Bennett, Mike
245 ## - TITLE STATEMENT
Title Imagine there’s no heaven: Imaginaries of local government austerity
260 ## - PUBLICATION, DISTRIBUTION, ETC. (IMPRINT)
Place of publication, distribution, etc Organization
300 ## - PHYSICAL DESCRIPTION
Extent 30(5), Sep, 2023: p.892-910
520 ## - SUMMARY, ETC.
Summary, etc This article critically analyses the management of public sector austerity. Focusing on the case of UK local government chief executives, we develop the concept of austerity imaginaries. We provide four examples of these based on extensive interviewing. Offered as a theoretical concept, austerity imaginaries involve shared understandings of the role and potential for local government during times of acute fiscal pressure. We contribute empirical knowledge about the local dynamics of austerity and contribute to critical scholarship in this field. We argue that a simple thesis of ruination and destruction can obscure the creative work involved at the front line and we advocate the value of engaging both critically and empathetically with the everyday meanings in action of public managers working in circumstances far from their choosing. At the same time, the imaginaries reveal the insidious ways in which neoliberal assumptions about the public sector appear to delimit the scope for action. – Reproduced

https://journals.sagepub.com/doi/full/10.1177/13505084211051050
773 ## - HOST ITEM ENTRY
Main entry heading Organization
906 ## - LOCAL DATA ELEMENT F, LDF (RLIN)
Subject DIP LOCAL GOVERNMENT
942 ## - ADDED ENTRY ELEMENTS (KOHA)
Item type Articles
Holdings
Withdrawn status Lost status Source of classification or shelving scheme Damaged status Not for loan Permanent location Current location Date acquired Serial Enumeration / chronology Barcode Date last seen Koha item type
          Indian Institute of Public Administration Indian Institute of Public Administration 2023-11-06 30(5), Sep, 2023: p.892-910 AR130089 2023-11-06 Articles

Powered by Koha